El pensamiento geográfico: estudio interpretativo y antología de textos de Humboldt a las tendencias radicales
Guardat en:
| Autor principal: | |
|---|---|
| Altres autors: | , |
| Format: | Llibre |
| Idioma: | espanyol |
| Publicat: |
Madrid
Alianza
1988
|
| Edició: | 2a. ed |
| Matèries: | |
| Etiquetes: |
Afegir etiqueta
Sense etiquetes, Sigues el primer a etiquetar aquest registre!
|
MARC
| LEADER | 00000nam a2200000 a 4500 | ||
|---|---|---|---|
| 001 | UCN6770 | ||
| 003 | CL-VaPUC | ||
| 008 | 011005e19880000SP |||||||||||||||||spa|d | ||
| 082 | 0 | 4 | |a 910.01 |b GOM |2 21 |
| 100 | |a Gómez Mendoza, Josefina |e author |9 462600 | ||
| 700 | |a Muñoz Jiménez, Julio |e autor |9 503198 | ||
| 700 | |a Ortega Cantero, Nicolás |e autor |9 462602 | ||
| 245 | 1 | 3 | |a El pensamiento geográfico: estudio interpretativo y antología de textos de Humboldt a las tendencias radicales |
| 250 | |a 2a. ed | ||
| 300 | |a 545 p | ||
| 942 | |c BK | ||
| 945 | |d 20011005 00:00:00 |a cmena | ||
| 260 | |a Madrid |b Alianza |c 1988 | ||
| 650 | 0 | |a Filosofía de las ciencias sociales |9 268057 | |
| 650 | 0 | |a Geografía |9 259346 | |
| 583 | |a last modification |c 20121001 10:48:27 |k Rodrigo Vera | ||
| 999 | |c 297449 |d 297447 | ||
| 952 | |0 0 |1 0 |4 0 |6 910_010000000000000_GOM_1988 |7 0 |8 A |9 352181 |a BIBING |b BIBING |d 2019-11-21 |i 3758729 |o 910.01 GOM 1988 |p 3758729 |r 2025-01-20 |w 2019-11-21 |y BK |k GEO | ||
| 952 | |0 0 |1 0 |4 0 |6 910_010000000000000_GOM_1988 |7 0 |8 A |9 352182 |a BIBHIS |b BIBHIS |d 2019-11-21 |i 3908259 |o 910.01 GOM 1988 |p 3908259 |r 2025-01-20 |w 2019-11-21 |y BK |k HIS | ||